②関東地方の市町村人口ランキング - Statistics

General Stats
  • This quiz has been taken 1,137 times
  • The average score is 43 of 50
Answer Stats
順位 人口 都県名 Answer % Correct
1位 3,771,766 神奈川県 横浜市
100%
3位 1,344,850 埼玉県 さいたま市
100%
4位 979,532 千葉県 千葉市
100%
2位 1,545,604 神奈川県 川崎市
99%
9位 513,257 栃木県 宇都宮市
99%
5位 725,087 神奈川県 相模原市
98%
6位 647,105 千葉県 船橋市
98%
8位 578,396 東京都 八王子市
98%
7位 592,656 埼玉県 川口市
97%
16位 368,945 群馬県 高崎市
97%
21位 268,231 茨城県 水戸市
97%
11位 497,394 千葉県 市川市
96%
13位 434,031 千葉県 柏市
96%
20位 326,904 群馬県 前橋市
96%
10位 497,444 千葉県 松戸市
95%
12位 443,986 神奈川県 藤沢市
94%
14位 432,564 東京都 町田市
94%
15位 375,424 神奈川県 横須賀市
94%
17位 354,205 埼玉県 川越市
94%
25位 255,807 茨城県 つくば市
94%
19位 340,008 埼玉県 越谷市
91%
18位 341,901 埼玉県 所沢市
90%
31位 227,108 埼玉県 春日部市
88%
22位 264,140 千葉県 市原市
87%
43位 184,852 東京都 立川市
87%
24位 258,463 神奈川県 平塚市
86%
27位 245,534 神奈川県 茅ヶ崎市
86%
42位 186,338 神奈川県 小田原市
85%
23位 262,724 東京都 府中市
84%
28位 243,798 東京都 調布市
84%
40位 191,173 埼玉県 熊谷市
84%
32位 224,058 神奈川県 厚木市
83%
36位 207,637 東京都 西東京市
83%
29位 243,252 神奈川県 大和市
82%
35位 211,001 群馬県 伊勢崎市
82%
45位 171,628 千葉県 浦安市
80%
48位 166,234 栃木県 小山市
80%
26位 249,313 埼玉県 草加市
79%
44位 176,105 千葉県 習志野市
79%
33位 221,286 群馬県 太田市
78%
39位 195,464 東京都 三鷹市
78%
46位 171,600 神奈川県 鎌倉市
78%
30位 227,912 埼玉県 上尾市
74%
47位 166,302 茨城県 日立市
74%
34位 211,160 千葉県 流山市
73%
37位 203,286 千葉県 八千代市
63%
38位 200,590 東京都 小平市
63%
41位 190,944 東京都 日野市
62%
50位 165,272 千葉県 佐倉市
59%
49位 165,678 埼玉県 新座市
52%
No matching quizzes found
Score Distribution
Percent of People with Each Score
Percentile by Number Answered
Your Score History
You have not taken this quiz